| 000 | 00541 a2200145 4500 | ||
|---|---|---|---|
| 999 |
_c2432 _d2432 |
||
| 020 | _a9789221246527 | ||
| 050 | _aHC415 BUI 2016 | ||
| 245 |
_aBuilding a sustainable future with decent work in Asia and the pacific : _breport of the Director-General / |
||
| 264 |
_aGeneva : _bInternational Labour Office, _c2016 |
||
| 300 |
_axii, 144p. : _bill. |
||
| 500 | _a15th Asia and the Pacific Regional Meeting - Kyoto, Japan, April 2011 | ||
| 650 | _aSustainable development | ||
| 710 | _aInternational Labour Office | ||
| 942 |
_2lcc _cBK _h415 _iBUI _kHC |
||